| 000 | 01231nam a22003497a 4500 | ||
|---|---|---|---|
| 003 | CHAP | ||
| 005 | 20220817041428.0 | ||
| 008 | 971013s1979 r 00010 d | ||
| 010 | _a14208 | ||
| 011 | _a15180 | ||
| 035 | _a19255 | ||
| 040 | _cCHAP | ||
| 082 |
_a338.1735 _bG6 1979 |
||
| 100 | 0 | 0 |
_aGonzález Navarro, Moisés. _949224 |
| 245 |
_aRaza y Tierra _b: la guerra de castas y el henequén |
||
| 250 | _a2 ed. | ||
| 260 |
_aMéxico, D.F. : _bEl Colegio de México, _c1979 |
||
| 300 |
_a392 p. _b: apénd |
||
| 490 |
_aCentro de Estudios Históricos. Nueva serie _v; 10 |
||
| 590 |
_aBATCH-UPD _b10 _c20130110 _lUCH01 _h1321 |
||
| 590 |
_aBATCH-UPD _b10 _c20130410 _lUCH01 _h0830 |
||
| 590 |
_aBATCH-UPD _b10 _c20130914 _lUCH01 _h1606 |
||
| 590 |
_aCONVERSION _b10 _c20130109 _lUCH01 _h1309 |
||
| 650 | 1 | 4 |
_aHenequén _xAspectos económicos _xYucatán. _953570 |
| 650 | 1 | 4 |
_aYucatán _xCondiciones económicas. _9123315 |
| 650 | 1 | 4 |
_aYucatán _xCondiciones sociales. _9123317 |
| 650 | 1 | 4 |
_aYucatán _xHistoria _xGuerra de Castas. _9123325 |
| 830 | 0 |
_aCentro de Estudios Históricos. Nueva serie _v; 10 |
|
| 901 | _aBK | ||
| 942 | _cLIBRO | ||
| 949 |
_a338.1735 G6 1979 _bBC _cLIBRO _d33724000111589 _eLIBRO _gI.c/e _h69678 _i19255 _si |
||
| 999 |
_c14208 _d14208 |
||